000 00667nam a2200205Ii 4500
003 JO-AjNU
008 230606s9999||||xx |||||||||||||| ||und||
020 _a0-13-169864-8
040 _aJO-AjNU
_beng
_erda
_cJO-AjNU
041 _aeng
050 1 4 _aHD58.8.F76.1995
100 3 _aFrench,Wendell L/Ceci H. Bell,
_eauthor
_92949
245 0 0 _aORGANIZATION DEVELOPMENT Behavioral Science Interventions for Organization Improvement
264 3 1 _aNEW Jersey:prentice Hall International inc,1995
300 _a368p
336 _atext
_btxt
_2rdacontent
337 _aunmediated
_bn
_2rdamedia
338 _avolume
_bnc
_2rdacarrier
650 4 _aBehavioral Science
_92950
999 _aE1545
_c1545
_d1545